| 000 | 01327nam2a22003011 4500 | ||
|---|---|---|---|
| 001 | v19\rc\1633677 | ||
| 005 | 20250618234013.0 | ||
| 035 | _a(NLR Aleph) 004748411 | ||
| 090 |
_a4525768 _c4525768 |
||
| 100 | _a20061002d1900 |||y0rusy50 ca | ||
| 101 | 0 | _arus | |
| 102 | _aRU | ||
| 105 | _ay z ||||| | ||
| 200 | 1 | _aКиргизские загадки | |
| 210 |
_d1900 _aБ. м. |
||
| 215 | _a[4], 60 с. | ||
| 461 | 0 |
_1001v19\rc\1633675 _12001#$aОбразцы киргизской народной словесности$eВып. 2$fА.В. Васильев$vВып. 2 _1700#1$3RU\NLR\AUTH\7762043$7ca$aВасильев$bА. В.$cвостоковед, фольклорист$f1861-1943$gАлександр Васильевич _95695999 _aВасильев, А. В. (этнолог, фольклорист ; 1861-1943) _cОренбург _d1898-1900 _fА.В. Васильев _nтипо-лит. Ф.Б. Сачкова _oВып. 2 _tОбразцы киргизской народной словесности _vВып. 2 |
|
| 801 | 0 |
_aRU _bNLR _gpsbo |
|
| 801 | 0 |
_aRU _bRuMoRGB _2psbo |
|
| 801 | 1 |
_aRU _bProSoft-M _2rusmarc |
|
| 852 |
_aNLR _j20.98.6.64 |
||
| 899 |
_aRuMoRGB _jG 38/139 |
||
| 899 |
_aRuMoRGB _jG 57/198 |
||
| 899 |
_aRuMoRGB _jФ 1/7826 |
||
| 899 | _aНБ СПбГУ | ||
| 899 | _aГПИБ | ||
| 942 | _cBOOK | ||
| 980 | _aNB | ||